| 000 | 00858nam0a22002531 4500 | ||
|---|---|---|---|
| 001 | rc\2725226 | ||
| 005 | 20250810042353.0 | ||
| 035 | _a(NLR Aleph) 006852723 | ||
| 090 |
_a6764196 _c6764196 |
||
| 100 | _a20110915d1943 u y0rusy50 ca | ||
| 101 | 1 |
_arus _cund |
|
| 102 | _aRU | ||
| 105 | _ay z ||||| | ||
| 200 | 1 |
_aАлмазы доблести _eОтрывки из произведений классиков фарсидско-таджикской поэзии _fПер. Ц. Бану |
|
| 210 |
_aСталинабад _cГосиздат Таджикистана _d1943 |
||
| 215 |
_a28 с. _d17 см. |
||
| 702 | 1 |
_aБану _bЦ. _4730 |
|
| 801 | 0 |
_aRU _bNLR _gpsbo |
|
| 801 | 1 |
_aRU _bELAR _2rusmarc |
|
| 852 |
_aNLR _jЛ80 Г-2/1 |
||
| 942 | _cBOOK | ||
| 945 | _aРоссийская национальная библиотека | ||
| 980 | _aNB | ||
| 980 | _aBV | ||